| 000 | 00858nam a22002057a 4500 | ||
|---|---|---|---|
| 999 |
_c6460 _d6460 |
||
| 005 | 20200210084943.0 | ||
| 008 | 200210b2009 ck a||||r|||| 00| 1 spa d | ||
| 040 |
_aCO-JMCR _cCO-JMCR |
||
| 082 |
_aC / _bBEAb |
||
| 100 | 1 |
_aBeattie, Robb, _eautor _9289 |
|
| 245 | 1 | 3 |
_aEl arca de noé una ventura / _cRobb Beattie ; traducido por Gloria Jaramillo ; ilustrado por Marie Allen |
| 260 |
_aBogotá : _bPanamericana, _cc2009 |
||
| 300 |
_a[16] páginas : _bilustraciones a color ; _c18 cm. |
||
| 520 | _aEl arca que noé construyó estaba lista, pero los animales tenía que embarcarse rápidamente y ¡esa era una tarea bastante difícil! | ||
| 650 | 1 | 4 | _9290 |
| 650 | 1 | 4 | _9291 |
| 700 | 1 |
_aJaramillo, Gloria, _9292 |
|
| 700 | 1 |
_aAllen, Marie, _9293 |
|